[Event "BEL-chT 2223"]
[Site "Belgium"]
[Date "2022.09.25"]
[Round "1.8"]
[White "De Coninck, Rafael"]
[Black "Cocquyt, Tijs"]
[Result "0-1"]
[WhiteElo "2079"]
[BlackElo "2024"]
[PlyCount "68"]
[EventDate "2022.09.25"]
[EventType "team-tourn"]
[EventRounds "11"]
[EventCountry "BEL"]
[SourceTitle "EXT 2024"]
[Source "ChessBase"]
[SourceDate "2023.10.10"]
[SourceVersion "1"]
[SourceVersionDate "2023.10.10"]
[SourceQuality "1"]
[WhiteTeam "Mechelen"]
[BlackTeam "Oostende"]
[WhiteTeamCountry "BEL"]
[BlackTeamCountry "BEL"]

1. e4 d6 2. Nc3 Nf6 3. f4 d5 4. e5 d4 5. Nce2 Nd5 6. c4 Nb4 7. d3 a5 8. Nf3 N4c6 9. Ng3 e6 10. Be2 Ne7 11. 0-0 Nf5 12. Ne4 Be7 13. Qe1 h5 14. Nfg5 g6 15. Bf3 Nd7 16. Bd2 c6 17. b3 Nc5 18. Nxc5 Bxc5 19. Ne4 Be7 20. c5 Kf8 21. Rc1 Nh4 22. Bd1 b6 23. cxb6 Qxb6 24. Rc4 a4 25. Rxa4 Rxa4 26. bxa4 Ba6 27. Bc2 Kg7 28. Qd1 c5 29. Bc1 Rd8 30. Rf2 Nf5 31. Bb3 Ne3 32. Qe1 Bxd3 33. Rb2 Bxe4 34. Bd5 Qxb2 0-1

[Event "Aegean op 45th"]
[Site "Aghios Kirykos"]
[Date "2022.07.16"]
[Round "8"]
[White "Gazis, Efstathios"]
[Black "De Coninck, Rafael"]
[Result "1-0"]
[WhiteElo "2160"]
[BlackElo "2089"]
[PlyCount "45"]
[EventDate "2022.07.09"]
[EventType "swiss"]
[EventRounds "9"]
[EventCountry "GRE"]
[SourceTitle "CBM 209 Extra"]
[Source "ChessBase"]
[SourceDate "2022.09.30"]
[SourceVersion "1"]
[SourceVersionDate "2022.09.30"]
[SourceQuality "1"]

1. e4 c5 2. Nf3 Nc6 3. d4 cxd4 4. Nxd4 Nf6 5. Nc3 h5 6. Be2 e5 7. Ndb5 d6 8. Nd5 Nxd5 9. exd5 Ne7 10. c4 Nf5 11. 0-0 a6 12. Nc3 g6 13. b4 Bh6 14. c5 Bxc1 15. Rxc1 Qh4 16. a3 Nd4 17. Qe1 Qg5 18. f4 exf4 19. Ne4 Qe5 20. Nxd6+ Kf8 21. Bc4 Qxe1 22. Rcxe1 g5 23. Re8+ 1-0

[Event "Aegean op 42nd"]
[Site "Aghios Kirykos"]
[Date "2019.07.10"]
[Round "2"]
[White "De Coninck, Rafael"]
[Black "Kurayan, Ruslan"]
[Result "1-0"]
[WhiteElo "2074"]
[BlackElo "2376"]
[PlyCount "121"]
[EventDate "2019.07.09"]
[EventType "swiss"]
[EventRounds "9"]
[EventCountry "GRE"]
[SourceTitle "EXT 2020"]
[Source "ChessBase"]
[SourceDate "2019.10.17"]
[SourceVersion "1"]
[SourceVersionDate "2019.10.17"]
[SourceQuality "1"]

1. e4 c5 2. Nc3 Nc6 3. Bb5 Nd4 4. Nf3 g6 5. Nxd4 cxd4 6. Ne2 Bg7 7. 0-0 a6 8. Bc4 b5 9. Bb3 d3 10. cxd3 Bb7 11. f3 Qb6+ 12. d4 e5 13. d3 Ne7 14. f4 exd4 15. Qe1 d5 16. e5 0-0 17. Ng3 Rae8 18. Bd2 h5 19. f5 Nxf5 20. Nxf5 gxf5 21. Rxf5 Qg6 22. Rg5 Qxd3 23. Bb4 Qe3+ 24. Qxe3 dxe3 25. Rxh5 Rxe5 26. Rxe5 Bxe5 27. Bxf8 Kxf8 28. h4 Bg3 29. Kf1 Bxh4 30. Rd1 Ke7 31. Bxd5 Bc8 32. Ke2 Bg5 33. Rc1 Bg4+ 34. Bf3 Be6 35. b3 Kd8 36. Rc6 Bc8 37. Rd6+ Kc7 38. Rd4 f6 39. Bg4 Bb7 40. Rd7+ Kb6 41. Bf3 Bc8 42. Rg7 a5 43. Kd3 Bf5+ 44. Kd4 Bc8 45. Rg8 Bd7 46. Rb8+ Kc7 47. Ra8 Kb6 48. g3 Bh6 49. Rh8 Bg5 50. Rb8+ Kc7 51. Rb7+ Kd6 52. Be2 Be8 53. Rb6+ Kc7 54. Kc5 f5 55. Re6 Kd7 56. Re5 Be7+ 57. Kb6 Bd8+ 58. Kxb5 Bc7 59. Rxe3 f4 60. gxf4 Bxf4 61. Rd3+ 1-0

[Event "Terre degli Elimi op 5th"]
[Site "Erice"]
[Date "2014.07.19"]
[Round "1"]
[White "De Coninck, Rafael"]
[Black "Guccione, Cristoforo"]
[Result "1-0"]
[WhiteElo "2133"]
[BlackElo "1835"]
[PlyCount "37"]
[EventDate "2014.07.19"]
[EventType "swiss"]
[EventRounds "9"]
[EventCountry "ITA"]
[SourceTitle "CBM 161 Extra"]
[Source "ChessBase"]
[SourceDate "2014.08.29"]
[SourceVersion "1"]
[SourceVersionDate "2014.08.29"]
[SourceQuality "1"]

1. d4 Nf6 2. Nf3 g6 3. c4 c5 4. d5 b5 5. cxb5 a6 6. e3 Bg7 7. Nc3 0-0 8. a4 d6 9. h3 axb5 10. Bxb5 Na6 11. 0-0 Nb4 12. e4 Ba6 13. Ra3 Bxb5 14. axb5 Nd7 15. Qb3 f5 16. Ng5 Ne5 17. Ne6 Qb6 18. exf5 Rxf5 19. Rxa8+ 1-0

[Event "Paleochora op 6th"]
[Site "Paleochora"]
[Date "2013.07.22"]
[Round "5"]
[White "Skembris, Spyridon"]
[Black "De Coninck, Rafael"]
[Result "1-0"]
[WhiteElo "2458"]
[BlackElo "2123"]
[PlyCount "91"]
[EventDate "2013.07.19"]
[EventType "swiss"]
[EventRounds "9"]
[EventCountry "GRE"]
[SourceTitle "CBM 155 Extra"]
[Source "ChessBase"]
[SourceDate "2013.08.26"]
[SourceVersion "1"]
[SourceVersionDate "2013.08.26"]
[SourceQuality "1"]

1. d4 e6 2. c4 Bb4+ 3. Bd2 Bxd2+ 4. Qxd2 Nf6 5. Nc3 d5 6. e3 0-0 7. Rc1 Nbd7 8. Nf3 dxc4 9. Bxc4 c5 10. 0-0 cxd4 11. Qxd4 Nb6 12. Qxd8 Rxd8 13. Rfd1 Bd7 14. Bb3 Bc6 15. Nd4 Bd5 16. Nxd5 Nbxd5 17. Kf1 a6 18. Ke2 Rd7 19. g3 Rad8 20. Nf3 Kf8 21. Ne5 Rd6 22. f3 b5 23. e4 Nb6 24. Rxd6 Rxd6 25. Nxf7 Kxf7 26. e5 Rd8 27. exf6 gxf6 28. Rc6 Nc4 29. Bxc4 bxc4 30. Rxc4 Rb8 31. b3 Rb5 32. Rc7+ Kg6 33. Rc6 Re5+ 34. Kf2 Ra5 35. a4 Kf5 36. g4+ Ke5 37. Ke3 Kd5 38. Rb6 Rc5 39. Kd3 a5 40. f4 Rc1 41. Rb5+ Kd6 42. Rxa5 Rh1 43. Rh5 Rf1 44. Ke3 Rg1 45. Rxh7 Rxg4 46. a5 1-0

[Event "Politiken Cup 30th"]
[Site "Helsingor"]
[Date "2008.07.27"]
[Round "10"]
[White "De Coninck, Rafael"]
[Black "Hanssen, Gunnar Berg"]
[Result "1/2-1/2"]
[WhiteElo "2121"]
[BlackElo "2232"]
[PlyCount "160"]
[EventDate "2008.07.19"]
[EventType "swiss"]
[EventRounds "10"]
[EventCountry "DEN"]
[SourceTitle "CBM 125 Extra"]
[Source "ChessBase"]
[SourceDate "2008.09.01"]
[SourceVersion "1"]
[SourceVersionDate "2008.09.01"]
[SourceQuality "1"]

1. d4 Nf6 2. Nf3 g6 3. Nbd2 d5 4. e3 Bg7 5. Bd3 0-0 6. 0-0 c5 7. b3 cxd4 8. exd4 Nc6 9. a3 Nh5 10. Bb2 Nf4 11. Bb5 Qb6 12. Bxc6 bxc6 13. Re1 a5 14. Ne5 Ra7 15. Ndf3 Bf5 16. Bc1 Ne6 17. Be3 f6 18. Nd3 Bg4 19. Nf4 Nxf4 20. Bxf4 e5 21. dxe5 fxe5 22. Bxe5 Bxe5 23. Rxe5 Bxf3 24. gxf3 Raf7 25. Re3 Qd8 26. Qe2 d4 27. Rd3 Qg5+ 28. Kh1 Re7 29. Qd2 Qxd2 30. Rxd2 Rxf3 31. Kg2 Rc3 32. Rad1 c5 33. b4 Rxa3 34. bxc5 Rc3 35. Rxd4 Rxc2 36. Rd5 Ree2 37. Rf1 a4 38. Kf3 Re7 39. Rd8+ Kg7 40. Ra8 Rc3+ 41. Kg2 Re4 42. Ra1 Rg4+ 43. Kh1 Rf4 44. Kg2 Rc2 45. Rf1 Rxc5 46. f3 Rg5+ 47. Kf2 Rgf5 48. Ra1 Rxf3+ 49. Kg2 Rb3 50. R8xa4 Rb2+ 51. Kg1 Rg5+ 52. Kh1 Rgg2 53. Rh4 h5 54. Rg1 Rxg1+ 55. Kxg1 Kh6 56. Ra4 Rb6 57. Ra8 h4 58. Rc8 g5 59. h3 Kg6 60. Rc2 Rb4 61. Kg2 Kf5 62. Rf2+ Rf4 63. Ra2 Rd4 64. Rf2+ Ke4 65. Re2+ Kd5 66. Ra2 Ke5 67. Re2+ Re4 68. Ra2 Re3 69. Ra5+ Kf4 70. Ra4+ Re4 71. Ra2 Rd4 72. Rf2+ Ke5 73. Re2+ Kf6 74. Rf2+ Kg6 75. Ra2 Rd5 76. Ra6+ Kf5 77. Ra2 Kf4 78. Ra4+ Ke3 79. Ra3+ Rd3 80. Rxd3+ Kxd3 1/2-1/2

[Event "Politiken Cup 30th"]
[Site "Helsingor"]
[Date "2008.07.26"]
[Round "9"]
[White "Benediktsson, Frimann"]
[Black "De Coninck, Rafael"]
[Result "1/2-1/2"]
[WhiteElo "1915"]
[BlackElo "2121"]
[PlyCount "47"]
[EventDate "2008.07.19"]
[EventType "swiss"]
[EventRounds "10"]
[EventCountry "DEN"]
[SourceTitle "CBM 125 Extra"]
[Source "ChessBase"]
[SourceDate "2008.09.01"]
[SourceVersion "1"]
[SourceVersionDate "2008.09.01"]
[SourceQuality "1"]

1. c4 f5 2. Nf3 Nf6 3. g3 g6 4. Bg2 Bg7 5. 0-0 0-0 6. d4 d6 7. Nc3 c6 8. Bf4 Nh5 9. Bd2 Qe8 10. d5 e5 11. dxe6 Bxe6 12. Be3 Bxc4 13. Qxd6 Nd7 14. Bd4 Nhf6 15. b3 Ba6 16. Rad1 Nb6 17. Rfe1 Rd8 18. Qe5 Qxe5 19. Bxe5 Nfd5 20. Nxd5 Nxd5 21. Bxg7 Kxg7 22. Ng5 Rfe8 23. Bxd5 cxd5 24. e3 1/2-1/2

[Event "Politiken Cup 30th"]
[Site "Helsingor"]
[Date "2008.07.21"]
[Round "4"]
[White "De Coninck, Rafael"]
[Black "Den Heeten, Djurre"]
[Result "0-1"]
[WhiteElo "2121"]
[BlackElo "2278"]
[PlyCount "54"]
[EventDate "2008.07.19"]
[EventType "swiss"]
[EventRounds "10"]
[EventCountry "DEN"]
[SourceTitle "CBM 125 Extra"]
[Source "ChessBase"]
[SourceDate "2008.09.01"]
[SourceVersion "1"]
[SourceVersionDate "2008.09.01"]
[SourceQuality "1"]

1. d4 d5 2. Nf3 Bg4 3. Ne5 Bf5 4. c4 f6 5. Nf3 e6 6. cxd5 exd5 7. Nc3 c6 8. Bf4 Na6 9. e3 Nc7 10. Qb3 Bd6 11. Bxd6 Qxd6 12. Be2 Ne7 13. 0-0 0-0 14. Rfc1 Kh8 15. a4 a5 16. Qa3 Qd7 17. b4 Nc8 18. b5 Nd6 19. Nd2 cxb5 20. Nxb5 Ncxb5 21. Bxb5 Nxb5 22. axb5 Qxb5 23. Rc5 Qe2 24. Rxa5 Rac8 25. Rxd5 Be6 26. Rd6 Bg8 27. Qb2 Ra8 0-1

[Event "Politiken Cup 30th"]
[Site "Helsingor"]
[Date "2008.07.20"]
[Round "2"]
[White "De Coninck, Rafael"]
[Black "Brynell, Stellan"]
[Result "0-1"]
[WhiteElo "2121"]
[BlackElo "2468"]
[PlyCount "42"]
[EventDate "2008.07.19"]
[EventType "swiss"]
[EventRounds "10"]
[EventCountry "DEN"]
[SourceTitle "CBM 125 Extra"]
[Source "ChessBase"]
[SourceDate "2008.09.01"]
[SourceVersion "1"]
[SourceVersionDate "2008.09.01"]
[SourceQuality "1"]

1. d4 d5 2. Nf3 Nf6 3. c4 e6 4. Nc3 Bb4 5. Qb3 c5 6. dxc5 Nc6 7. e3 0-0 8. Bd2 Bxc5 9. cxd5 exd5 10. Rd1 Be6 11. Na4 b6 12. Nxc5 bxc5 13. Bc3 Ne4 14. Qa3 Qb6 15. Bd3 Nxc3 16. Qxc3 d4 17. exd4 cxd4 18. Qa3 Bg4 19. Be2 Rfe8 20. Kf1 Rad8 21. Qb3 Qc5 0-1

[Event "Tilburg Stukkenjagers op-A"]
[Site "Tilburg"]
[Date "2006.08.19"]
[Round "2"]
[White "De Wit, Michel"]
[Black "De Coninck, Rafael"]
[Result "1-0"]
[WhiteElo "2255"]
[BlackElo "2087"]
[PlyCount "47"]
[EventDate "2006.08.18"]
[EventType "swiss"]
[EventRounds "6"]
[EventCountry "NED"]
[SourceTitle "CBM 113 Extra"]
[Source "ChessBase"]
[SourceDate "2006.09.14"]
[SourceVersion "1"]
[SourceVersionDate "2006.09.14"]
[SourceQuality "1"]

1. e4 c5 2. c3 Nf6 3. e5 Nd5 4. d4 cxd4 5. Nf3 e6 6. cxd4 d6 7. Nc3 Nxc3 8. bxc3 Qc7 9. Bb2 Nc6 10. exd6 Bxd6 11. Bd3 e5 12. 0-0 0-0 13. Re1 h6 14. Qe2 Re8 15. c4 Bb4 16. d5 Bxe1 17. Rxe1 Nb4 18. Bxe5 Qa5 19. Qd2 Qa3 20. Bb2 Rxe1+ 21. Nxe1 Qa4 22. Bb1 Bd7 23. a3 Na6 24. Qc3 1-0

[Event "Tilburg Stukkenjagers op-A"]
[Site "Tilburg"]
[Date "2006.08.18"]
[Round "1"]
[White "De Coninck, Rafael"]
[Black "Mentink, Tom"]
[Result "1-0"]
[WhiteElo "2087"]
[BlackElo "1782"]
[PlyCount "58"]
[EventDate "2006.08.18"]
[EventType "swiss"]
[EventRounds "6"]
[EventCountry "NED"]
[SourceTitle "CBM 113 Extra"]
[Source "ChessBase"]
[SourceDate "2006.09.14"]
[SourceVersion "1"]
[SourceVersionDate "2006.09.14"]
[SourceQuality "1"]

1. d4 Nf6 2. Nf3 e6 3. e3 b6 4. Nbd2 Bb7 5. Bd3 d5 6. Ne5 Bd6 7. f4 0-0 8. Qf3 Nbd7 9. 0-0 c5 10. c3 Rb8 11. b3 Qc7 12. Bb2 a6 13. Rac1 b5 14. g4 Ne4 15. Nxd7 Qxd7 16. Nxe4 dxe4 17. Bxe4 f5 18. Bxb7 fxg4 19. Bc6 gxf3 20. Bxd7 Rf6 21. Rxf3 Rb7 22. Bc8 Rc7 23. Bxa6 Ra7 24. Bxb5 Rxa2 25. Rb1 cxd4 26. cxd4 Rh6 27. Rg3 Kf8 28. Rg2 Rh3 29. d5 Rxe3 1-0

[Event "BEL-ch opB"]
[Site "Westerlo"]
[Date "2004.07.??"]
[Round "9"]
[White "De Coninck, Rafael"]
[Black "Akhayan, Ruben"]
[Result "0-1"]
[WhiteElo "1988"]
[BlackElo "2230"]
[PlyCount "80"]
[EventDate "2004.07.??"]
[EventType "swiss"]
[EventRounds "9"]
[EventCountry "BEL"]
[SourceTitle "EXT 2005"]
[Source "ChessBase"]
[SourceDate "2004.11.15"]
[SourceVersion "1"]
[SourceVersionDate "2004.11.15"]
[SourceQuality "1"]

1. e4 e5 2. a3 Nc6 3. Nc3 Nf6 4. Nf3 d5 5. exd5 Nxd5 6. Bb5 Nxc3 7. bxc3 Bd6 8. d4 exd4 9. cxd4 0-0 10. h3 Ne7 11. 0-0 c6 12. Bd3 Ng6 13. Ng5 h6 14. Ne4 Bc7 15. c3 Nf4 16. Bxf4 Bxf4 17. Qh5 Qd5 18. Qh4 Bc7 19. Rae1 b6 20. Re3 Qd8 21. Qh5 Bf4 22. Re2 Be6 23. Qf3 Bc7 24. Rfe1 Rc8 25. Ng3 Qd6 26. Qe4 g6 27. Qh4 Kg7 28. Re4 Qd8 29. Qxd8 Rcxd8 30. R4e3 Bf4 31. Rf3 Bd2 32. Re2 Bxc3 33. Bxg6 Bxd4 34. Be4 c5 35. Nf5+ Bxf5 36. Rxf5 Rfe8 37. Kf1 Re5 38. Rxe5 Bxe5 39. Rc2 Rd1+ 40. Ke2 Ra1 0-1

[Event "BEL-chT2 0304"]
[Site "Belgium"]
[Date "2003.12.08"]
[Round "4"]
[White "Demarcke, Dirk"]
[Black "De Coninck, Rafael"]
[Result "1/2-1/2"]
[WhiteElo "2186"]
[BlackElo "1988"]
[PlyCount "53"]
[EventDate "2003.12.01"]
[EventType "team-tourn"]
[EventRounds "11"]
[EventCountry "BEL"]
[SourceTitle "EXT 2005"]
[Source "ChessBase"]
[SourceDate "2004.11.15"]
[SourceVersion "1"]
[SourceVersionDate "2004.11.15"]
[SourceQuality "1"]
[WhiteTeam "ZWS"]
[BlackTeam "TSM Schifflange"]
[WhiteTeamCountry "BEL"]
[BlackTeamCountry "BEL"]

1. e4 c5 2. Nf3 d6 3. d4 cxd4 4. Qxd4 a6 5. c4 Nc6 6. Qd2 Nf6 7. Nc3 g6 8. b3 Bg7 9. Bb2 Qa5 10. Nd5 Qxd2+ 11. Nxd2 0-0 12. Nxf6+ Bxf6 13. Bxf6 exf6 14. 0-0-0 f5 15. f3 b5 16. Kb2 Rb8 17. cxb5 axb5 18. exf5 Bxf5 19. g4 Be6 20. Ne4 d5 21. Nf6+ Kg7 22. Nxd5 Rfd8 23. Ne3 Rxd1 24. Nxd1 Bd5 25. Bg2 Ne5 26. Nc3 Bxf3 27. Bxf3 1/2-1/2